000 01899nam0a22003251 4500
001 RU\NLR\INFOCOMM_253\5000052190
005 20250613101744.0
035 _a(NLR Aleph) 009391327
090 _a8044760
_c8044760
100 _a20101211d1974 |||y0rusy50 ca
101 0 _aspa
102 _aRU
105 _ay ||||000|y
200 1 _aOrganización de la información científico-técnica para la industria en los países socialistas miembros del CAME
_eCursos para especialistas de los países de la América Latina organizados por UNIDO y UNESCO en colab. con el Gobierno de la URSS
_eLos cursos tendrán lugar en el Inst. de la inform. ci. y técn. de la URSS (VINITI) 4 de sept. - 13 de nov. de 1974
_fO. I. Globachov, A. G. Chajmajchev
_gUNIDO - UNESCO. Cursos inter-reg. para prep. de especialistas de inform. y documentación industr.
210 _aM.
_d1974
215 _a64 с.
_d26 см
300 _aВ вып. дан.: О. И. Глобачев, А. Г. Чахмахчев. Организация научно-технической информации для промышленности в социалистических странах - членах Совета экономической взаимопомощи
606 _aИнформация научная
_xОрганизация
_xСоциалистические страны
_2nlr_sh1
606 _aТехническая информация
_xОрганизация
_xСоциалистические страны
_2nlr_sh1
686 _aЧ234(0)713
_2rubbk
686 _aЖф0(0)е
_2rubbk
700 1 _9z01790
_aGlobačev
_bO. I.
_4070
701 1 _9z02790
_aČachmachčev
_bA. G.
_gAleksandr Gajkovič
_4070
790 1 _9z01700
_aGlobachov
_bO. I.
_4070
790 1 _9z02701
_aChajmajchev
_bA. G.
_4070
801 1 _aRU
_bNLR
_c20101211
801 0 _aRU
_bNLR
_gPSBO
852 _aNLR
_jПр91 Д-8/74
942 _cBOOK
980 _aNB